| 000 | 00480cam a2200145 4500500 | ||
|---|---|---|---|
| 005 | 20251228082843.0 | ||
| 041 | _afre | ||
| 042 | _adc | ||
| 100 | 1 | 0 |
_aBuridant, Jérôme _eauthor |
| 245 | 0 | 0 | _aLa gestion des forêts de vénerie au XVIIe siècle |
| 260 | _c2005. | ||
| 500 | _a99 | ||
| 786 | 0 | _nDix-septième siècle | 226 | 1 | 2005-03-01 | p. 17-27 | 0012-4273 | |
| 856 | 4 | 1 | _uhttps://shs.cairn.info/revue-dix-septieme-siecle-2005-1-page-17?lang=fr&redirect-ssocas=7080 |
| 999 |
_c1599960 _d1599960 |
||